Vainqueurs de la Scottish Premiership - Statistiques

Statistiques générales
  • Ce quiz a été pris 267 fois
    86 depuis la dernière actualisation
  • Le résultat moyen est 118 sur 129
Statistiques - réponses
Saison Vainqueurs % Correct
1892-1893 | 1893-1894 | 1895-1896 | +52 others Celtic
100%
1890-1891 | 1898-1899 | 1899-1900 | +52 others Rangers
100%
1954-1955 | 1979-1980 | 1983-1984 | 1984-1985 Aberdeen
68%
1894-1895 | 1896-1897 | 1957-1958 | 1959-1960 Heart of Midlothian
65%
1961-1962 Dundee
42%
1982-1983 Dundee United
42%
1902-1903 | 1947-1948 | 1950-1951 | 1951-1952 Hibernian
39%
1931-1932 Motherwell
39%
1964-1965 Kilmarnock
24%
1890-1891 | 1891-1892 Dumbarton
4%
1903-1904 Third Lanark
4%
Aucun quiz correspondant
Distribution des résultats
% des personnes avec chaque résultat
Percentile par nombre de réponses
Votre historique - résultats
Vous n’avez pas pris ce quiz depuis la dernière actualisation